| 000 | 01188nam0a22002531 4500 | ||
|---|---|---|---|
| 001 | rc\4783697 | ||
| 005 | 20260407224523.0 | ||
| 021 |
_aRU _b[62-29107] |
||
| 035 | _a(NLR Aleph) 009031021 | ||
| 090 |
_a9489323 _c9489323 |
||
| 100 | _a20130417d1962 |||y0rusy50 ca | ||
| 101 | 0 | _arus | |
| 102 | _aRU | ||
| 105 | _ay z ||||| | ||
| 200 | 1 |
_aТезисы докладов XVII Научно-технической конференции, посвященной Дню радио. (16-21 апреля 1962 г.) _fНауч.-техн. о-во радиотехники и электросвязи им. А.С. Попова. Ленингр. обл. правл. |
|
| 210 |
_aЛенинград _cБ. и. _d1962 |
||
| 215 |
_a87 с. _d20 |
||
| 606 |
_aРадиотехника _jТезисы докладов _2psbo |
||
| 710 | 0 | 2 |
_aНТО радиотехники и электросвязи им. А. С. Попова _cМосква _bЛенинградская областная научно-техническая конференция _d17 _f1962 _3RU\NLR\AUTH\8810152813 _9800672 |
| 801 | 0 |
_aRU _bNLR _gpsbo |
|
| 801 | 1 |
_aRU _bELAR _2rusmarc |
|
| 852 |
_aNLR _j62-4/7478 |
||
| 942 | _cBOOK | ||
| 980 | _aNB | ||